عرض عادي
عرض مارك
- Ragin, Charles C.
دخول Personal Name
001 - CONTROL NUMBER
- control field: 11526
003 - CONTROL NUMBER IDENTIFIER
- control field: AE-AdECS
005 - DATE AND TIME OF LATEST TRANSACTION
- control field: 20250129081354.0
008 - FIXED-LENGTH DATA ELEMENTS
- fixed length control field: 250129|| aca||aabn | a|a d
040 ## - CATALOGING SOURCE
- Original cataloging agency: AE-AdECS
- Transcribing agency: AE-AdECS
100 ## - HEADING--PERSONAL NAME
- Personal name: Ragin, Charles C.
670 ## - SOURCE DATA FOUND
- Source citation: Work cat.: (AE-AdECS)289098: Ragin, Charles C., author, Analytic induction for social research /
